World Landmarks Close-Up Quiz Stats

Quiz Updated Jul 21, 2015

Challenge
Share
Tweet
Score 0/25 Timer 05:00
0 Plays Today
% Correct
Eiffel tower
97.2%
Statue of Liberty
93.7%
Leaning Tower of Pisa
87.6%
Golden Gate Bridge
87.5%
Sydney Opera House
86.9%
White House
81.7%
Stonehenge
81%
Great Wall of China
80.6%
Mount Rushmore
78.6%
Great Sphinx of Giza
77.2%
Colosseum
74.8%
Easter Island Heads
73.8%
Elizabeth Tower
64.6%
% Correct
Taj Mahal
64%
Christ the Redeemer
62.4%
Brandenburger Tor
49.9%
Chrysler Building
49.7%
Trevi Fountain
40.6%
Saint Basil's Cathedral
38.4%
Berlin Wall
37.1%
Angkor Thom
36.6%
Petronas Towers
34.3%
Sagrada Família
30.2%
Chichen Itza
28%
Dam Square
2.4%

You're not logged in!

Compare scores with friends on all Sporcle quizzes.
Join for Free
OR
Log In

You Might Also Like...

Show Comments

Extras

Top Quizzes Today


Score Distribution

Your Account Isn't Verified!

In order to create a playlist on Sporcle, you need to verify the email address you used during registration. Go to your Sporcle Settings to finish the process.

Report this User

Report this user for behavior that violates our Community Guidelines.

Details: